000 00366cam a2200145ua 4500
041 _aeng
_h
082 _a028.7169
_bCAR/ME
100 _aCartwright, P.A .
245 _aMetal furnishing handbook /
_cP.A Cartwright.
_hTextual Documents
260 _aLondon :
_bBlackie & Son Ltd ,
_c1950.
300 _a216 ; .
504 _a
942 _cBK
999 _c7025
_d7025